Star Wars (1977): Cast by Picture - Statistics

General Stats
  • This quiz has been taken 44 times
  • The average score is 6 of 12
Answer Stats
Picture Hint Answer % Correct
Princess Leia Organa Carrie Fisher
97%
Luke Skywalker Mark Hamill
97%
Ben Kenobi Alec Guinness
84%
Han Solo Harrison Ford
81%
Darth Vader David Prowse | James Earl Jones
76%
C-3PO Anthony Daniels
49%
Grand Moff Tarkin Peter Cushing
41%
Chewbacca Peter Mayhew
41%
R2-D2 Kenny Baker
38%
Aunt Beru Shelagh Fraser
8%
Greedo Paul Blake
5%
Uncle Owen Phil Brown
5%
No matching quizzes found
Score Distribution
Percent of People with Each Score
Percentile by Number Answered
Your Score History
You have not taken this quiz